Statistiken für 16: Kettenaufgaben

Klicken Sie hier um das Quiz zu spielen!

Allgemein

  • Dieses Quiz wurde 264 mal gespielt
  • Das Durchschnittsergebnis liegt bei 20 aus 20

Antwortstatistiken

ProblemSolution% Korrekt
3-2-10
100%
0+0+11
100%
1*1*11
100%
3*3-81
100%
3+3+410
100%
2+3+510
100%
1+6+310
100%
12-12:610
100%
5+2+310
100%
0+7+310
100%
6+1+310
100%
5+5+111
100%
20:10+911
100%
1+9+111
100%
0+10+111
100%
4+4+311
100%
10+0+111
100%
1*4*312
100%
1*3*412
100%
4*1*312
100%
2*2*312
100%
5+3+412
100%
3*1*412
100%
3*2*212
100%
3+4+512
100%
6+2+412
100%
3+4+512
100%
3*4*112
100%
8:4+1012
100%
1+7+412
100%
4*3*112
100%
0+8+412
100%
10+8:412
100%
9+0+413
100%
7+2*313
100%
7+2+413
100%
12-4+513
100%
21-3-513
100%
2*9-513
100%
4+5+413
100%
2+7+413
100%
3+7+313
100%
3*1+1013
100%
16-4:214
100%
1+8+514
100%
6+3+514
100%
5+4+514
100%
0+9+514
100%
4+5+615
100%
1+1*1415
100%
7+3+515
100%
1+2*715
100%
9+1+515
100%
20:5+1115
100%
2+8+515
100%
1*19-415
100%
4+6+515
100%
2*4*216
100%
12-7+1116
100%
13+2+116
100%
4*4*116
100%
2*2*416
100%
4*2*216
100%
4*1*416
100%
1*4*416
100%
14-3+516
100%
30-3*418
100%
2*8+218
100%
17+1*118
100%
3*2*318
100%
2*3*318
100%
1+9*219
100%
4+3+1219
100%
3-2+12
100%
4:2*12
100%
5*2:52
100%
1*1*22
100%
2*1*12
100%
4*2*324
100%
2*3*424
100%
3*4*224
100%
4*3*224
100%
22-3+524
100%
2*4*324
100%
7+8+924
100%
8+9+1027
100%
3*3*327
100%
9-4-23
100%
0+1+23
100%
1+0+23
100%
1*3*13
100%
1*1*33
100%
0+1+23
100%
18-15+03
100%
9+10+1130
100%
4*4*232
100%
4*2*432
100%
2*4*432
100%
10+11+1233
100%
5*8-733
100%
3*3*436
100%
6+13+1837
100%
7*4+1038
100%
11+18+1039
100%
17+8+1439
100%
4*1*14
100%
3+0+14
100%
2*2*14
100%
2*1*24
100%
1*4*14
100%
1*2*24
100%
24:3:24
100%
2+18:94
100%
1*1*44
100%
2+0+24
100%
3*1+14
100%
7+21+1240
100%
24+15+241
100%
4*4*348
100%
4*3*448
100%
3*4*448
100%
8-1-25
100%
1+1+35
100%
0+2+35
100%
15-5-55
100%
1*12-75
100%
4+6:65
100%
17-12+05
100%
20+24+1054
100%
19+18+1754
100%
1+4+16
100%
3*2*16
100%
3*1*26
100%
1+2+36
100%
0+5+16
100%
9-12:46
100%
2*3*16
100%
1*2*36
100%
5+0+16
100%
2*1*36
100%
2+1+36
100%
4*4*464
100%
4+2+17
100%
17-16+67
100%
2+4+17
100%
0+3+47
100%
17-8-27
100%
1+2+47
100%
4*1*28
100%
2*4*18
100%
4*2*18
100%
0+6+28
100%
1+5+28
100%
6+20:108
100%
2*1*48
100%
3+2+38
100%
2+2+48
100%
1*2*48
100%
5+1+28
100%
1*3*39
100%
2+5+29
100%
8+0+19
100%
1+3+59
100%
7-4+69
100%
3*1*39
100%
7+0+29
100%
3*3*19
100%
16-3-49
100%
3+5+19
100%
0+4+59
100%
17-7+919
96%
8+2+313
95%
4+3+29
95%
15-11+913
94%
3*1*13
94%
2*2*28
94%
6+0+28
94%
2*3*212
93%
21-14+512
93%
3*3*218
93%
5-2-12
93%
5-1+26
93%
1*13-67
93%
2+3+49
93%
3*2:2
3
93%
7+1+311
92%
8+1+211
92%
6+4+111
92%
8-2+612
92%
3-10:102
92%
3*2*424
92%
4*3*336
92%
3*4*336
92%
5-2+14
92%
3+1+26
92%
4*4:28
92%
19:1-811
91%
3+6+211
91%
1*4*28
91%
4+1+510
90%
11+12+1336
90%
1*3*26
90%
4+0+48
90%
2+6+311
89%
6+7+821
89%
18-6+517
88%
3*6+523
88%
1*2*12
86%
18-18:916
83%
5+6+718
80%

Verteilung der Resultate

Perzentil nach korrekt beantworteten Fragen

Anzahl Personen mit jedem Resultat

Ihre Resultats-Entwicklung

Sie haben dieses Quiz noch nicht gespielt